|
|
|
|
| LEADER |
01087nam a2200265 a 4500 |
| 001 |
15221489 |
| 008 |
100222r2008 ne a b 001 0 eng d |
| 010 |
|
|
|a \\2008012300
|
| 020 |
|
|
|a 9788131217917
|
| 020 |
|
|
|a 9780123743978 (pbk. : alk. paper)
|
| 020 |
|
|
|a 0123743974 (pbk. : alk. paper)
|
| 040 |
|
|
|a DLC
|c DLC
|d BAKER
|d BTCTA
|d YDXCP
|d UKM
|d C#P
|d BWX
|d DLC
|d BD-DhAAL
|
| 082 |
0 |
0 |
|a 004.16
|2 22
|
| 100 |
1 |
|
|a Wolf, Wayne.
|
| 245 |
1 |
0 |
|a Computers as components :
|b principles of embedded computing system design /
|c Wayne Wolf.
|
| 250 |
|
|
|a 2nd ed.
|
| 260 |
|
|
|a Amsterdam ;
|a Boston :
|b Elsevier/Morgan Kaufmann ;
|a New Delhi :
|b Elsevier,
|c c2008 [reprinted].
|
| 300 |
|
|
|a xxiii, 507 p. :
|b ill. ;
|c 24 cm.
|
| 504 |
|
|
|a Includes bibliographical references (p. 489-495) and index.
|
| 541 |
1 |
|
|e 00019825
|
| 650 |
|
0 |
|a System design.
|
| 650 |
|
0 |
|a Embedded computer systems.
|
| 852 |
4 |
|
|a Ayesha Abed Library
|j General Shelf
|
| 999 |
|
|
|c 7669
|d 7669
|
| 952 |
|
|
|0 0
|1 0
|2 ddc
|4 0
|6 004_160000000000000_WOL_2008
|7 0
|9 8394
|a BRACUL
|b BRACUL
|c GEN
|d 2010-02-22
|l 0
|o 004.16 WOL
|p 3010019825
|r 2010-02-22
|t 1
|w 2010-02-22
|y BK
|